|
|
|
|
| LEADER |
00000nam0a2200000 4500 |
| 001 |
185275 |
| 005 |
20231101223915.0 |
| 010 |
|
|
|a 9785991609609
|
| 035 |
|
|
|a (RuTPU)RU\TPU\book\200958
|
| 090 |
|
|
|a 185275
|
| 100 |
|
|
|a 20101006d2011 m y0rusy50 ca
|
| 101 |
0 |
|
|a rus
|
| 102 |
|
|
|a RU
|
| 105 |
|
|
|a y j 001zy
|
| 200 |
1 |
|
|a Религиоведение
|e учебник для вузов
|f В. Ю. Лебедев, В. Ю. Викторов
|
| 210 |
|
|
|a Москва
|c Юрайт
|d 2011
|
| 215 |
|
|
|a 492 с.
|
| 225 |
1 |
|
|a Основы наук
|
| 320 |
|
|
|a Библиография в конце глав.
|
| 330 |
|
|
|a Настоящий учебник по дисциплине «Религиоведение» охватывает материал, относящийся к общему (теория религии) и частному (история религий и рассмотрение отдельных религиозных систем) религиоведению. Он затрагивает все разделы соответствующего учебного курса, включая рассмотрение самого статуса религиоведения как науки, его современного положения, актуальных проблем, возможных путей их решения и научных перспектив. Его материал соответствует государственному образовательному стандарту высшего профессионального образования по специальности «Религиоведение». В учебнике учтены новейшие направления в религиоведении, особое внимание уделено состоянию религии в современном мире, своеобразным процессам, происходящим в этой сфере, которые могут затронуть каждого человека. Представлено краткое изложение взглядов на ключевые проблемы религиоведения, принадлежащих крупным представителям наиболее авторитетных школ и направлений. Даны определения необходимых религиоведческих терминов. Текст дополняют схемы, дающие наглядное представление о материале.I
|
| 606 |
1 |
|
|a Религиоведение
|2 stltpush
|3 (RuTPU)RU\TPU\subj\24943
|9 49207
|
| 610 |
1 |
|
|a религии
|
| 610 |
1 |
|
|a религии мира
|
| 610 |
1 |
|
|a мистика
|
| 610 |
1 |
|
|a религиозные культы
|
| 610 |
1 |
|
|a религиозные представления
|
| 610 |
1 |
|
|a религиозный опыт
|
| 610 |
1 |
|
|a эзотеризм
|
| 610 |
1 |
|
|a эзотерика
|
| 610 |
1 |
|
|a магия
|
| 610 |
1 |
|
|a богословие
|
| 610 |
1 |
|
|a мифология
|
| 610 |
1 |
|
|a древние религии
|
| 610 |
1 |
|
|a Месопотамия
|
| 610 |
1 |
|
|a Древний Восток
|
| 610 |
1 |
|
|a Древний Египет
|
| 610 |
1 |
|
|a Древний Рим
|
| 610 |
1 |
|
|a Древняя Греция
|
| 610 |
1 |
|
|a зороастризм
|
| 610 |
1 |
|
|a индуизм
|
| 610 |
1 |
|
|a джайнизм
|
| 610 |
1 |
|
|a сикхизм
|
| 610 |
1 |
|
|a даосизм
|
| 610 |
1 |
|
|a конфуцианство
|
| 610 |
1 |
|
|a буддизм
|
| 610 |
1 |
|
|a иудаизм
|
| 610 |
1 |
|
|a христианство
|
| 610 |
1 |
|
|a ислам
|
| 610 |
1 |
|
|a Православие
|
| 610 |
1 |
|
|a католицизм
|
| 610 |
1 |
|
|a модернизм
|
| 610 |
1 |
|
|a неоязычество
|
| 610 |
1 |
|
|a глобализм
|
| 610 |
1 |
|
|a экуменизм
|
| 610 |
1 |
|
|a религиозные движения
|
| 610 |
1 |
|
|a учебники
|
| 686 |
|
|
|a Э210я73
|v LBC/SL-A
|2 rubbk
|
| 686 |
|
|
|a Э3я73
|v LBC/SL-A
|2 rubbk
|
| 700 |
|
1 |
|a Лебедев
|b В. Ю.
|g Владимир Юрьевич
|
| 701 |
|
1 |
|a Викторов
|b В. Ю.
|g Вячеслав Юрьевич
|
| 801 |
|
1 |
|a RU
|b 63413507
|c 20101006
|
| 801 |
|
2 |
|a RU
|b 63413507
|c 20170919
|g RCR
|
| 942 |
|
|
|c BK
|
| 959 |
|
|
|a 69/20101006
|d 2
|e 209,00
|f АНЛ:1
|f ЧЗГЛ:1
|